| 000 | 00676cam a2200157ua 4500 | ||
|---|---|---|---|
| 041 |
_aeng _h |
||
| 082 |
_a666.9 _bIND/ME |
||
| 110 | 1 |
_aIndian standards institution . _b _c() |
|
| 245 |
_aMethods of test for strength of concrete / _cIndian standards institution. _hTextual Documents |
||
| 250 |
_a1 / _b. |
||
| 260 |
_aNew Delhi : _bIndian standards institution , _c1985. |
||
| 300 | _a24 ; . | ||
| 504 | _a | ||
| 942 | _cBK | ||
| 999 |
_c10632 _d10632 |
||